Môže sa účtovný odhad prejaviť ako podvod?
Priblíženie problematiky tvorby účtovných odhadov s dôrazom na tvorbu rezerv a opravných položiek a možné podvodné operácie spojené s účtovnými odhadmi. Rezervy aj opravné položky sú ideálnym nástrojom na skreslenie výsledku hospodárenia účtovnej jednotky. Hranica medzi alternatívnym účtovníctvom a...
Gespeichert in:
| 1. Verfasser: | |
|---|---|
| Weitere Verfasser: | |
| Format: | Buchkapitel |
| Sprache: | Slowakisch |
| Schlagworte: | |
| Tags: |
Keine Tags, Fügen Sie das erste Tag hinzu!
|
MARC
| LEADER | 00000naa$a2200000$$$4500 | ||
|---|---|---|---|
| 001 | 0250248 | ||
| 005 | 20240502083714.4 | ||
| 041 | 0 | |a slo | |
| 044 | |a CZ | ||
| 245 | 1 | 0 | |a Môže sa účtovný odhad prejaviť ako podvod? |c Nikoleta Baloghová, Zuzana Juhászová |
| 520 | |a Priblíženie problematiky tvorby účtovných odhadov s dôrazom na tvorbu rezerv a opravných položiek a možné podvodné operácie spojené s účtovnými odhadmi. Rezervy aj opravné položky sú ideálnym nástrojom na skreslenie výsledku hospodárenia účtovnej jednotky. Hranica medzi alternatívnym účtovníctvom a podvodným účtovníctvom je tenká a preto je dôležité postupovať pri tvorbe opravných položiek podľa právnych predpisov a dodržiavať zásadu opatrnosti a zásadu verného a pravdivého zobrazenia. | ||
| 610 | 2 | 0 | |a účtovníctvo kreatívne |
| 610 | 2 | 0 | |a odhady |
| 610 | 2 | 0 | |a rezervy |
| 610 | 2 | 0 | |a položky opravné |
| 610 | 2 | 0 | |a závierka účtovná |
| 610 | 2 | 0 | |a výsledok hospodársky |
| 610 | 2 | 0 | |a podvody |
| 100 | 1 | |a Baloghová, Nikoleta, 1991- | |
| 700 | 1 | |a Juhászová, Zuzana, 1970- | |